000 01438nam0a2200373 4500
001 RU\NLR\bibl\297202
005 20250620144102.0
010 _a5-8365-0103-3
_9500
021 _aRU
_b2002-17987
_9903
035 _a(NLR Aleph) 000292514
090 _a1712954
_c1712954
100 _a20020806d2002 |||y0rusy50 ca
101 0 _arus
102 _aRU
105 _aa |||||||||
200 1 _aЗаписки ректора
_fА.И. Спивак
210 _aМ.
_cНедра-Бизнесцентр
_d2002
215 _a82 с., [4] л. ил.
_d21
300 _aНа обороте тит. л. авт. кн. - д.т.н., проф. Уфим. нефт. ин-та
601 0 2 _aУфимский государственный нефтяной технический университет
_jВоспоминания, записки и т.п.
_xИстория
_92100739
_3RU\NLR\auth\661270534
610 0 _aРекторы высших учебных заведений
610 0 _aНефтяные институты - История
610 0 _aУфа
675 _a378.662(470.57-25)(093.3)
_v3
_zrus
686 _a14.35
_2rugasnti
686 _a74.58
_2rubbk
686 _aЧ488.755.4(2)
700 1 _aСпивак
_bА. И.
_gАлександр Иванович
_4070
801 0 _aRU
_bRKP
_c20020806
_gPSBO
801 1 _aRU
_bRKP
_c20020806
801 2 _aRU
_bNLR
_c20030318
_grcr
942 _cBOOK
980 _aNB